|
|
|
|
| LEADER |
00622nta a2200169 i 4500 |
| 001 |
dipl89147 |
| 005 |
20200908122235.0 |
| 008 |
200904s1983 hu om 0|| zxx d |
| 040 |
|
|
|a SZTE Diploma Repozitórium
|b hun
|
| 041 |
|
|
|a zxx
|
| 100 |
1 |
|
|a Kövessy Margit
|
| 245 |
1 |
0 |
|a Totemizmus, naturális megfigyelés avagy a birtoklás lényege Hódos helyneveinkben
|h [elektronikus dokumentum] /
|c Margit Kövessy
|
| 260 |
|
|
|c 1983
|
| 650 |
|
4 |
|a Bölcsészettudományok
|
| 650 |
|
4 |
|a Medieval history
|
| 700 |
1 |
|
|a Szegfű László
|e ths
|
| 856 |
4 |
0 |
|u http://diploma.bibl.u-szeged.hu/id/eprint/89147/1/1983_kovessy_margit.pdf
|z Dokumentum-elérés
|